[Event "4NCL Division 3 North"]
[Site "Bolton, ENG"]
[Date "2020.01.12"]
[Round "4.53"]
[White "Lonsdale, Jon I"]
[Black "Sakic, Simeon"]
[Result "1/2-1/2"]
[WhiteElo "1840"]
[BlackElo "2012"]
[PlyCount "53"]
[EventDate "2020.01.12"]
[WhiteTeam "Manchester Manticores 3"]
[BlackTeam "Bolton & Worsley"]

1. e4 e5 2. Nf3 Nc6 3. Bb5 f5 4. d3 Nf6 5. Nc3 d6 6. exf5 Bxf5 7. d4 exd4 8.
Nxd4 Bd7 9. O-O Be7 10. Bg5 Nxd4 11. Bxd7+ Qxd7 12. Qxd4 O-O 13. Rae1 Rf7 14.
Re2 c5 15. Qd3 Qg4 16. Rfe1 Qxg5 17. Rxe7 Rxe7 18. Rxe7 Qc1+ 19. Nd1 Re8 20.
Rxe8+ Nxe8 21. Kf1 h6 22. Ke2 b6 23. Qe4 Kf8 24. a3 d5 25. Qxd5 Qxc2+ 26. Qd2
Qxd2+ 27. Kxd2 1/2-1/2

[Event "4NCL Division 3 North"]
[Site "Bolton, ENG"]
[Date "2020.01.12"]
[Round "4.54"]
[White "Scoular, Adam"]
[Black "Livesey, R Nigel"]
[Result "1/2-1/2"]
[WhiteElo "2021"]
[BlackElo "1855"]
[PlyCount "97"]
[EventDate "2020.01.12"]
[WhiteTeam "Bolton & Worsley"]
[BlackTeam "Manchester Manticores 3"]

1. e4 c6 2. d4 d5 3. Nc3 b5 4. a3 dxe4 5. Nxe4 Bf5 6. Ng3 Bg6 7. Nf3 Nf6 8. Ne5
e6 9. h4 Bd6 10. Be2 Bxe5 11. dxe5 Qxd1+ 12. Bxd1 Ne4 13. Ne2 h6 14. f3 Nc5 15.
Nd4 Ncd7 16. f4 Be4 17. a4 b4 18. a5 a6 19. Be3 O-O 20. Nb3 Rc8 21. Bc5 Bd5 22.
Bxb4 Bxg2 23. Rg1 Be4 24. Nd2 Bh7 25. Nc4 c5 26. Bc3 Nc6 27. Nd6 Rc7 28. Bf3
Rb8 29. Bxc6 Rxc6 30. O-O-O c4 31. Nxf7 Rc7 32. Nxh6+ Kf8 33. Ng4 Nc5 34. Nf2
Na4 35. Rg3 Rcb7 36. Rd6 Nxb2 37. Bxb2 Rxb2 38. Rd8+ Rxd8 39. Kxb2 Rd2 40. Ng4
Rxc2+ 41. Ka3 Bd3 42. Kb4 Rb2+ 43. Ka4 Rb5 44. Nf2 Bc2+ 45. Ka3 Rxa5+ 46. Kb2
Bb3 47. Ne4 Ra2+ 48. Kb1 Rh2 49. Nc5 1/2-1/2

[Event "4NCL Division 3 North"]
[Site "Bolton, ENG"]
[Date "2020.01.12"]
[Round "4.55"]
[White "Jones, Neil T"]
[Black "Harman, George"]
[Result "1-0"]
[WhiteElo "1802"]
[BlackElo "1840"]
[PlyCount "101"]
[EventDate "2020.01.12"]
[WhiteTeam "Manchester Manticores 3"]
[BlackTeam "Bolton & Worsley"]

1. e4 c5 2. Nf3 Nc6 3. d4 cxd4 4. Nxd4 g6 5. c4 Bg7 6. Be3 Nf6 7. Nc3 O-O 8.
Be2 d6 9. O-O Bd7 10. Rc1 a6 11. b3 h5 12. f3 Kh7 13. Nxc6 Bxc6 14. Qd2 Rh8 15.
b4 h4 16. Rfd1 Bd7 17. c5 dxc5 18. e5 cxb4 19. exf6 bxc3 20. Qxd7 Bxf6 21. Qxb7
Qa5 22. Qb3 Kg7 23. Bd4 Bxd4+ 24. Rxd4 Rac8 25. Rc4 Qe5 26. Qxc3 Qxc3 27. R1xc3
Rxc4 28. Rxc4 Rd8 29. Ra4 Rd2 30. Kf2 g5 31. Rxa6 f6 32. a4 Ra2 33. a5 Kf7 34.
Ra7 Ke6 35. a6 Kd6 36. Rb7 e6 37. Rf7 Ke5 38. Rd7 f5 39. Ke1 Kf4 40. Bb5 e5 41.
a7 Ke3 42. Kd1 Kf2 43. Rd2+ Rxd2+ 44. Kxd2 Kxg2 45. a8=Q Kxh2 46. Qc8 h3 47.
Qxf5 Kg2 48. Bd7 h2 49. Qxg5+ Kf1 50. Bh3+ Kf2 51. Qg2# 1-0

[Event "4NCL Division 3 North"]
[Site "Bolton, ENG"]
[Date "2020.01.12"]
[Round "4.56"]
[White "Doherty, Paul"]
[Black "Gawne, Martin"]
[Result "1/2-1/2"]
[WhiteElo "1742"]
[BlackElo "1810"]
[PlyCount "46"]
[EventDate "2020.01.12"]
[WhiteTeam "Bolton & Worsley"]
[BlackTeam "Manchester Manticores 3"]

1. e4 e6 2. a3 d5 3. e5 c5 4. b4 c4 5. d3 Qc7 6. f4 Bd7 7. Nf3 a5 8. bxa5 Qxa5+
9. Bd2 Qc7 10. Be2 Nh6 11. O-O Be7 12. Kh1 O-O 13. Qe1 b5 14. Bb4 Bxb4 15. Qxb4
Na6 16. Qb2 Nc5 17. Nc3 Rfb8 18. Nd4 Na4 19. Nxa4 bxa4 20. Qc3 Nf5 21. Nxf5
exf5 22. Rf3 Be6 23. Rg3 Qa5 1/2-1/2

[Event "4NCL Division 3 North"]
[Site "Bolton, ENG"]
[Date "2020.01.12"]
[Round "4.61"]
[White "Haslinger, Gareth J"]
[Black "Gardiner, Eric D"]
[Result "1/2-1/2"]
[WhiteElo "2021"]
[BlackElo "2006"]
[PlyCount "113"]
[EventDate "2020.01.12"]
[WhiteTeam "Manx Liberty 2"]
[BlackTeam "Euwe's North Sea Tigers"]

1. d4 d6 2. Nf3 Bg4 3. e4 Nf6 4. Nc3 e6 5. h3 Bh5 6. Qe2 c6 7. g4 Bg6 8. h4 h5
9. g5 Nfd7 10. Bh3 Be7 11. d5 cxd5 12. exd5 e5 13. Be3 Na6 14. O-O O-O 15. Nd2
f5 16. gxf6 Nxf6 17. Be6+ Bf7 18. Bxf7+ Rxf7 19. Nde4 Nxe4 20. Nxe4 g6 21. Ng5
Bxg5 22. Bxg5 Qd7 23. Qe4 Qf5 24. Qxf5 gxf5 25. a3 Rc8 26. Rac1 Nc5 27. b4 Ne4
28. Be3 f4 29. Bxa7 Ra8 30. Bb6 Rxa3 31. Kh2 Nd2 32. Rg1+ Kh7 33. Rgd1 Nf3+ 34.
Kg2 Rg7+ 35. Kf1 Nxh4 36. c3 Nf5 37. Ke2 Ra8 38. c4 Ra6 39. c5 Nd4+ 40. Kd3
Ra3+ 41. Rc3 Rxc3+ 42. Kxc3 dxc5 43. bxc5 Kg6 44. c6 bxc6 45. dxc6 Kf5 46. Bxd4
exd4+ 47. Rxd4 Rc7 48. Rd6 Ke4 49. Rh6 Kf3 50. Kd4 Kxf2 51. Ke5 f3 52. Kd6
Rxc6+ 53. Kxc6 Kg2 54. Rxh5 f2 55. Rg5+ Kh2 56. Rf5 Kg2 57. Kd5 1/2-1/2

[Event "4NCL Division 3 North"]
[Site "Bolton, ENG"]
[Date "2020.01.12"]
[Round "4.62"]
[White "Collinson, Mark I"]
[Black "Akeya-Price, Robert"]
[Result "1-0"]
[WhiteElo "1970"]
[BlackElo "1818"]
[PlyCount "115"]
[EventDate "2020.01.12"]
[WhiteTeam "Euwe's North Sea Tigers"]
[BlackTeam "Manx Liberty 2"]

1. d4 Nf6 2. Nf3 e6 3. g3 d5 4. Bg2 Be7 5. c4 O-O 6. Nc3 dxc4 7. O-O c5 8. Bf4
Nbd7 9. e4 cxd4 10. Qxd4 Nb6 11. Qxd8 Rxd8 12. a4 Bb4 13. a5 Bxc3 14. bxc3 Nbd7
15. Bc7 Re8 16. Nd2 Nc5 17. Nxc4 Nfxe4 18. Nd6 Re7 19. Nxe4 Rxc7 20. Nxc5 Rxc5
21. Rfd1 Kf8 22. a6 Rc7 23. Rd8+ Ke7 24. axb7 Bxb7 25. Rxa8 Bxa8 26. Bxa8 Rxc3
27. Rxa7+ Kf6 28. Kg2 g6 29. Bf3 h5 30. h4 Rc5 31. Bd1 Kg7 32. Ba4 Rf5 33. Rb7
Ra5 34. Be8 Rf5 35. Rb5 Rf6 36. f4 Kf8 37. Bc6 Kg7 38. Be4 Kh6 39. Kf3 Kg7 40.
Ke3 e5 41. fxe5 Rf1 42. Rb7 Re1+ 43. Kd4 Rd1+ 44. Bd3 Kf8 45. Rb6 Rg1 46. Rb8+
Kg7 47. Rb7 Rxg3 48. Bc4 Rg4+ 49. Kc5 Rxh4 50. Rxf7+ Kh6 51. e6 Re4 52. e7 h4
53. Bd5 Re1 54. Kd6 h3 55. Rf3 h2 56. Rh3+ Kg7 57. Rxh2 Re3 58. Be6 1-0

[Event "4NCL Division 3 North"]
[Site "Bolton, ENG"]
[Date "2020.01.12"]
[Round "4.63"]
[White "Thoday, Francis"]
[Black "Vleeshhouwer, Douglas"]
[Result "0-1"]
[WhiteElo "1838"]
[BlackElo "1964"]
[PlyCount "82"]
[EventDate "2020.01.12"]
[WhiteTeam "Manx Liberty 2"]
[BlackTeam "Euwe's North Sea Tigers"]

1. d4 d6 2. e4 Nf6 3. Nc3 Nbd7 4. f4 e5 5. fxe5 dxe5 6. d5 Bb4 7. Bd3 Nxe4 8.
Nge2 Ndf6 9. Bxe4 Nxe4 10. Qd3 Nxc3 11. Nxc3 Qh4+ 12. g3 Qd4 13. Be3 Qxd3 14.
cxd3 Bf5 15. Ke2 O-O-O 16. Rac1 Bxc3 17. bxc3 Rxd5 18. d4 Re8 19. Kf2 Ra5 20.
Ra1 Ra3 21. Rhc1 exd4 22. Bxd4 f6 23. Re1 Rxe1 24. Kxe1 b6 25. Kd2 Be6 26. Kc2
Rxa2+ 27. Rxa2 Bxa2 28. Kd3 Kd7 29. Be3 Bb1+ 30. Kc4 a6 31. h4 h6 32. Bc1 g5
33. hxg5 fxg5 34. Kd4 Ke6 35. Bd2 c5+ 36. Ke3 Kd5 37. Be1 Kc4 38. Kd2 Kb3 39.
g4 a5 40. Bg3 c4 41. Be5 a4 0-1

[Event "4NCL Division 3 North"]
[Site "Bolton, ENG"]
[Date "2020.01.12"]
[Round "4.64"]
[White "Stephenson, David W"]
[Black "Miah, Zahed"]
[Result "0-1"]
[WhiteElo "1793"]
[BlackElo "1816"]
[PlyCount "52"]
[EventDate "2020.01.12"]
[WhiteTeam "Euwe's North Sea Tigers"]
[BlackTeam "Manx Liberty 2"]

1. d4 Nf6 2. Nf3 d5 3. e3 Bf5 4. b3 e6 5. Bb2 Nbd7 6. Nbd2 h6 7. Ne5 c5 8. g4
Bh7 9. h4 cxd4 10. exd4 Rc8 11. g5 Bxc2 12. Qf3 hxg5 13. hxg5 Rxh1 14. Qxh1
Nxe5 15. gxf6 Nd3+ 16. Bxd3 Bxd3 17. Qh8 gxf6 18. Ba3 Kd7 19. Bxf8 Qxf8 20.
Qxf6 Rc2 21. a3 Qg8 22. Nf3 Qh7 23. Kd1 Qh5 24. Qf4 Rxf2 25. Rc1 Qh1+ 26. Ne1
Rxf4 0-1

[Event "4NCL Division 3 North"]
[Site "Bolton, ENG"]
[Date "2020.01.12"]
[Round "4.65"]
[White "Haslinger, J Mike"]
[Black "Varley, Joe"]
[Result "0-1"]
[WhiteElo "1769"]
[BlackElo "1862"]
[PlyCount "94"]
[EventDate "2020.01.12"]
[WhiteTeam "Manx Liberty 2"]
[BlackTeam "Euwe's North Sea Tigers"]

1. d4 Nf6 2. Nf3 g6 3. Nc3 Bg7 4. e4 d6 5. Be3 O-O 6. Qd2 Re8 7. O-O-O Nc6 8.
Bh6 Bh8 9. d5 Nb8 10. h3 Nbd7 11. Ng5 a6 12. f4 b5 13. g4 Nb6 14. b3 Bb7 15.
Bg2 Rc8 16. f5 c5 17. fxg6 hxg6 18. Rhf1 b4 19. Ne2 Nbd7 20. a4 bxa3 21. Kb1 c4
22. Qb4 cxb3 23. cxb3 a2+ 24. Kxa2 Rc2+ 25. Kb1 Rb2+ 26. Kxb2 Nxd5+ 27. Qd4
Bxd4+ 28. Nxd4 N5f6 29. Nxf7 Kxf7 30. g5 Rh8 31. Bg7 Rh7 32. Bh6 e5 33. Nc2 Ke6
34. gxf6 Rxh6 35. f7 Rh7 36. Bf3 Nf6 37. Bg4+ Ke7 38. Rxf6 Kxf6 39. Rf1+ Ke7
40. f8=Q+ Qxf8 41. Rxf8 Kxf8 42. Ne3 Bxe4 43. Nc4 Ke7 44. Kc3 Bf5 45. Kb4 Bxg4
46. hxg4 Rh3 47. Nb6 Ke6 0-1

[Event "4NCL Division 3 North"]
[Site "Bolton, ENG"]
[Date "2020.01.12"]
[Round "4.71"]
[White "Johnson, Paul A"]
[Black "Rawlinson, Aidan M"]
[Result "0-1"]
[WhiteElo "1818"]
[BlackElo "2170"]
[PlyCount "110"]
[EventDate "2020.01.12"]
[WhiteTeam "Bradford DCA Knights B"]
[BlackTeam "Manchester Manticores 2"]

1. d4 g6 2. e4 Bg7 3. f4 c5 4. c3 cxd4 5. cxd4 d5 6. e5 Nh6 7. Nf3 Bg4 8. Be2
Nf5 9. Nc3 Nc6 10. Qb3 Bxf3 11. Bxf3 Nfxd4 12. Qd1 e6 13. O-O h5 14. Kh1 Rc8
15. Bd2 a6 16. Rc1 Bf8 17. Be1 b5 18. a3 Be7 19. Bf2 Nf5 20. Re1 O-O 21. g4
hxg4 22. Bxg4 Nh6 23. Bh3 Bh4 24. Qf3 Bxf2 25. Qxf2 Ne7 26. Rg1 Nef5 27. Rg5 d4
28. Rd1 Ne3 29. Qh4 Nhf5 30. Bxf5 Nxf5 31. Qg4 dxc3 32. Rxd8 c2 33. Rd1 c1=Q
34. Rxg6+ fxg6 35. Qxg6+ Ng7 36. Rxc1 Rxc1+ 37. Kg2 Rxf4 38. Qg5 Rcf1 39. Qd8+
Kh7 40. Qd3+ Rf5 41. Qh3+ Kg6 42. Qd3 Nh5 43. Qc2 R1f2+ 44. Qxf2 Rxf2+ 45. Kxf2
Kf5 46. Kf3 Kxe5 47. Kg4 Nf4 48. h4 Ke4 49. Kg5 e5 50. Kf6 a5 51. b3 b4 52.
axb4 axb4 53. Kg5 Kf3 54. h5 Nxh5 55. Kxh5 e4 0-1

[Event "4NCL Division 3 North"]
[Site "Bolton, ENG"]
[Date "2020.01.12"]
[Round "4.72"]
[White "Lyth, John D"]
[Black "Baxter, Harold"]
[Result "1/2-1/2"]
[WhiteElo "2050"]
[BlackElo "1861"]
[PlyCount "48"]
[EventDate "2020.01.12"]
[WhiteTeam "Manchester Manticores 2"]
[BlackTeam "Bradford DCA Knights B"]

1. d4 Nf6 2. Nf3 d5 3. c4 g6 4. g3 Bg7 5. Bg2 O-O 6. O-O dxc4 7. Na3 Nc6 8.
Nxc4 Be6 9. Nce5 Bd5 10. Bf4 a5 11. Rc1 Ra6 12. Nxc6 Rxc6 13. Qa4 Rxc1 14. Rxc1
c6 15. Bd2 Ne4 16. Bxa5 Qa8 17. Qa3 Nd6 18. Bb4 Qxa3 19. Bxa3 Bxa2 20. Ne5 Nb5
21. Bxe7 Nxd4 22. Bxf8 Nxe2+ 23. Kf1 Nxc1 24. Bxg7 Kxg7 1/2-1/2

[Event "4NCL Division 3 North"]
[Site "Bolton, ENG"]
[Date "2020.01.12"]
[Round "4.73"]
[White "Winter, Kevin"]
[Black "Hymer, Barry"]
[Result "1-0"]
[WhiteElo "1714"]
[BlackElo "2035"]
[PlyCount "53"]
[EventDate "2020.01.12"]
[WhiteTeam "Bradford DCA Knights B"]
[BlackTeam "Manchester Manticores 2"]

1. e4 d6 2. d4 g6 3. Nc3 Bg7 4. f4 e6 5. Nf3 a6 6. Bd3 Ne7 7. O-O c5 8. Be3
cxd4 9. Nxd4 O-O 10. Qd2 Nbc6 11. Nxc6 bxc6 12. Rad1 Qa5 13. Nd5 Qd8 14. Nc3
Rb8 15. b3 d5 16. Bc5 Re8 17. e5 Nf5 18. g4 d4 19. gxf5 dxc3 20. Qxc3 Qh4 21.
f6 Bf8 22. Be2 Bb7 23. Bxf8 Rxf8 24. Rd3 Rfd8 25. Rh3 Qxh3 26. Qxh3 Rd2 27. Qh6
1-0

[Event "4NCL Division 3 North"]
[Site "Bolton, ENG"]
[Date "2020.01.12"]
[Round "4.74"]
[White "Collins, Richard A"]
[Black "Bramson, Mike"]
[Result "0-1"]
[WhiteElo "1990"]
[BlackElo "1786"]
[PlyCount "66"]
[EventDate "2020.01.12"]
[WhiteTeam "Manchester Manticores 2"]
[BlackTeam "Bradford DCA Knights B"]

1. e4 e5 2. Nf3 Nc6 3. Bb5 a6 4. Ba4 d6 5. O-O Bd7 6. c3 Nge7 7. d4 Ng6 8. Re1
Be7 9. Nbd2 h6 10. Nf1 Bg5 11. Ng3 Bxc1 12. Rxc1 O-O 13. Bc2 Bg4 14. d5 Nce7
15. h3 Bd7 16. c4 Nf4 17. Kh2 f5 18. exf5 Nxf5 19. Nxf5 Bxf5 20. Bxf5 Rxf5 21.
g3 Ng6 22. Re4 Qf6 23. Rc3 Rf8 24. Kg2 Rg5 25. Kh2 Rh5 26. Kg2 Nf4+ 27. Kf1
Rxh3 28. gxf4 Rh1+ 29. Ng1 Rxg1+ 30. Kxg1 Qg6+ 31. Kf1 Qxe4 32. fxe5 Qh4 33.
Ke2 Rxf2+ 0-1

[Event "4NCL Division 3 North"]
[Site "Bolton, ENG"]
[Date "2020.01.12"]
[Round "4.75"]
[White "Adam, David W"]
[Black "Reed, John"]
[Result "0-1"]
[WhiteElo "1773"]
[BlackElo "1982"]
[PlyCount "66"]
[EventDate "2020.01.12"]
[WhiteTeam "Bradford DCA Knights B"]
[BlackTeam "Manchester Manticores 2"]

1. c4 e5 2. d3 Bb4+ 3. Bd2 Bxd2+ 4. Qxd2 d6 5. g3 f5 6. Bg2 Nf6 7. Nc3 O-O 8.
f4 Nc6 9. e3 exf4 10. gxf4 Ng4 11. O-O-O Re8 12. Bxc6 bxc6 13. Re1 Bb7 14. Nf3
c5 15. Nd5 Nf6 16. Nxf6+ Qxf6 17. Rhf1 Re7 18. Qa5 a6 19. Nd2 Rae8 20. e4 Qd4
21. Qa3 fxe4 22. dxe4 Bxe4 23. Qxa6 Qd3 24. Qa4 Bc6 25. Qd1 Qd4 26. Rxe7 Rxe7
27. Qg4 Bd7 28. Qg5 Qe3 29. Qd5+ Be6 30. Qa8+ Kf7 31. b3 Qc3+ 32. Kd1 Bg4+ 33.
Nf3 Qd3+ 0-1

[Event "4NCL Division 3 North"]
[Site "Bolton, ENG"]
[Date "2020.02.08"]
[Round "5.11"]
[White "Gardiner, Eric D"]
[Black "Rawlinson, Aidan M"]
[Result "0-1"]
[WhiteElo "2006"]
[BlackElo "2170"]
[PlyCount "84"]
[EventDate "2020.02.08"]
[WhiteTeam "Euwe's North Sea Tigers"]
[BlackTeam "Manchester Manticores 2"]

1. d4 g6 2. e4 Bg7 3. Nc3 d6 4. f4 Nf6 5. Nf3 O-O 6. Be3 b6 7. Qd2 Bb7 8. e5
Ng4 9. O-O-O c5 10. dxc5 bxc5 11. Bxc5 Qc7 12. Bd4 dxe5 13. Nxe5 Nxe5 14. Bxe5
Bxe5 15. fxe5 Qxe5 16. Bc4 Nc6 17. Rde1 Qc5 18. Qd5 Qxd5 19. Nxd5 e6 20. Nf6+
Kg7 21. Ne4 Nb4 22. a3 Nd5 23. Rhf1 Rfd8 24. g4 Rac8 25. Bxd5 Bxd5 26. g5 Bxe4
27. Rxe4 Rd5 28. h4 Rc7 29. c3 h6 30. gxh6+ Kxh6 31. Kc2 e5 32. Rfe1 f6 33. b4
Kh5 34. Kb3 f5 35. Rxe5 Rxe5 36. Rxe5 Kxh4 37. c4 f4 38. Kc3 f3 39. Re4+ Kg3
40. Kd2 Rd7+ 41. Ke3 f2 42. Ke2 Rd2+ 0-1

[Event "4NCL Division 3 North"]
[Site "Bolton, ENG"]
[Date "2020.02.08"]
[Round "5.12"]
[White "Mulleady, Peter J"]
[Black "Collinson, Mark I"]
[Result "1/2-1/2"]
[WhiteElo "2020"]
[BlackElo "1970"]
[PlyCount "85"]
[EventDate "2020.02.08"]
[WhiteTeam "Manchester Manticores 2"]
[BlackTeam "Euwe's North Sea Tigers"]

1. e4 d6 2. d4 Nf6 3. Bd3 e5 4. d5 Be7 5. c4 O-O 6. Nc3 Nbd7 7. Nge2 a6 8. Ng3
Nc5 9. Bc2 b5 10. b3 bxc4 11. bxc4 Rb8 12. Ba3 c6 13. Bxc5 Qa5 14. Qd2 Qxc5 15.
Bb3 Bd7 16. O-O Rfc8 17. Rac1 h6 18. dxc6 Bxc6 19. Nd5 Bxd5 20. cxd5 Qb6 21.
Rxc8+ Rxc8 22. Rc1 Rc5 23. Rxc5 Qxc5 24. Qc2 Nd7 25. Nf5 Bf8 26. Ba4 Qxc2 27.
Bxc2 Nc5 28. Kf1 g6 29. Ne3 Be7 30. Nc4 Kf8 31. Ke2 Ke8 32. Kf3 Kd7 33. Nb2 Bd8
34. Nc4 Bc7 35. Kg4 Ke7 36. f4 exf4 37. Kxf4 Kf6 38. g4 Ke7 39. h4 Kf6 40. g5+
hxg5+ 41. hxg5+ Ke7 42. Ne3 Ba5 43. Nc4 1/2-1/2

[Event "4NCL Division 3 North"]
[Site "Bolton, ENG"]
[Date "2020.02.08"]
[Round "5.13"]
[White "Varley, Joe"]
[Black "Hilton, Tim"]
[Result "0-1"]
[WhiteElo "1892"]
[BlackElo "1990"]
[PlyCount "42"]
[EventDate "2020.02.08"]
[WhiteTeam "Euwe's North Sea Tigers"]
[BlackTeam "Manchester Manticores 2"]

1. e4 e5 2. Nf3 Nc6 3. Bb5 a6 4. Ba4 Nf6 5. O-O Be7 6. Re1 b5 7. Bb3 O-O 8. c3
d5 9. exd5 Nxd5 10. Nxe5 Nxe5 11. Rxe5 c6 12. d4 Bd6 13. Re1 Qh4 14. g3 Qh3 15.
Re4 g5 16. Bxg5 Qf5 17. Bxd5 cxd5 18. Bf4 Qxe4 19. Bxd6 Bh3 20. f3 Qe3+ 21. Kh1
Qf2 0-1

[Event "4NCL Division 3 North"]
[Site "Bolton, ENG"]
[Date "2020.02.08"]
[Round "5.14"]
[White "Reed, John"]
[Black "Carmichael, Ned"]
[Result "1-0"]
[WhiteElo "1930"]
[BlackElo "1825"]
[PlyCount "77"]
[EventDate "2020.02.08"]
[WhiteTeam "Manchester Manticores 2"]
[BlackTeam "Euwe's North Sea Tigers"]

1. d4 Nf6 2. Nf3 e6 3. c4 b6 4. Bg5 h6 5. Bh4 Be7 6. e3 Bb7 7. Nc3 O-O 8. Bd3
d5 9. O-O Nbd7 10. cxd5 exd5 11. Rc1 Ne4 12. Bxe7 Qxe7 13. Qa4 c6 14. a3 f5 15.
Qc2 g5 16. b4 g4 17. Ne1 Qg5 18. Be2 f4 19. Nxe4 dxe4 20. exf4 Qxf4 21. Qc4+
Qf7 22. Qxf7+ Rxf7 23. Bc4 Nf6 24. Bxf7+ Kxf7 25. Nc2 Ke6 26. Ne3 h5 27. Rfd1
Nd5 28. g3 Rf8 29. Nxd5 Kxd5 30. b5 Rf3 31. a4 Ra3 32. Ra1 Rd3 33. bxc6 Bxc6
34. a5 bxa5 35. Rxa5+ Kxd4 36. Rc1 Bd5 37. Rxa7 e3 38. Ra4+ Ke5 39. Re1 1-0

[Event "4NCL Division 3 North"]
[Site "Bolton, ENG"]
[Date "2020.02.08"]
[Round "5.15"]
[White "Hackett, Thomas"]
[Black "Collins, Richard A"]
[Result "0-1"]
[WhiteElo "1712"]
[BlackElo "1960"]
[PlyCount "118"]
[EventDate "2020.02.08"]
[WhiteTeam "Euwe's North Sea Tigers"]
[BlackTeam "Manchester Manticores 2"]

1. c4 f5 2. g3 Nf6 3. Bg2 e6 4. Nc3 Be7 5. Nf3 O-O 6. O-O c6 7. d4 d5 8. b3 b6
9. Bf4 Ba6 10. cxd5 cxd5 11. Rc1 Ba3 12. Rc2 Nbd7 13. Bc1 Bd6 14. Re1 Qe7 15.
e3 Ne4 16. Bb2 Ndf6 17. Bf1 Bxf1 18. Kxf1 Rac8 19. h3 Qd7 20. Qd3 g5 21. Rec1
Nxc3 22. Rxc3 Rxc3 23. Rxc3 Ne4 24. Rc2 f4 25. exf4 gxf4 26. g4 Qe7 27. Kg2 Qg7
28. Nh2 Qh6 29. Nf3 Ng5 30. Nxg5 Qxg5 31. Qf3 h5 32. Rc1 Kf7 33. Rg1 Qg6 34.
Qe2 hxg4 35. hxg4 Ke7 36. f3 Rh8 37. Qd1 Rc8 38. Rf1 Qh7 39. Rf2 Qg6 40. Rf1
Qh7 41. Rf2 Kf6 42. Qh1 Qg6 43. Qd1 Qh7 44. Qh1 Qg6 45. Qd1 Qg5 46. Qh1 Kg7 47.
Kg1 Qg6 48. Kg2 Rh8 49. Qd1 Qh7 50. Kf1 Qg6 51. Kg2 Rh6 52. Qc2 Qe8 53. Kf1
Rh1+ 54. Ke2 Qb5+ 55. Kd2 Bb4+ 56. Bc3 Qa5 57. Bxb4 Qxb4+ 58. Kd3 Re1 59. Re2
Qb5+ 0-1

[Event "4NCL Division 3 North"]
[Site "Bolton, ENG"]
[Date "2020.02.08"]
[Round "5.16"]
[White "Tyton, Adam"]
[Black "Grice, Alec"]
[Result "1-0"]
[WhiteElo "1952"]
[BlackElo "1682"]
[PlyCount "87"]
[EventDate "2020.02.08"]
[WhiteTeam "Manchester Manticores 2"]
[BlackTeam "Euwe's North Sea Tigers"]

1. e4 c5 2. Nf3 Nc6 3. Bb5 g6 4. c3 Bg7 5. O-O e5 6. Na3 Nge7 7. d3 O-O 8. Be3
d6 9. h3 a6 10. Bc4 b6 11. Bb3 Bb7 12. Qd2 Na5 13. Bc2 d5 14. b4 d4 15. bxa5
dxe3 16. Qxe3 b5 17. Qxc5 Rc8 18. Qb4 Nc6 19. Qb2 Qc7 20. c4 b4 21. Nb1 f5 22.
Nbd2 fxe4 23. dxe4 Kh8 24. a3 Qe7 25. Rfb1 b3 26. Qxb3 Ba8 27. Qb6 Nd4 28. Nxd4
exd4 29. Bd3 Qg5 30. Ra2 Qf4 31. Rf1 Rc6 32. Qb2 g5 33. Qc2 g4 34. g3 Qe5 35.
hxg4 Rg6 36. Qd1 h5 37. f4 Qxa5 38. g5 Qc3 39. Qxh5+ Kg8 40. Qxg6 Qxd3 41. Rf3
Qe2 42. Qe6+ Kh8 43. Rf2 Qe1+ 44. Nf1 1-0

[Event "4NCL Division 3 North"]
[Site "Bolton, ENG"]
[Date "2020.02.08"]
[Round "5.22"]
[White "Bak, Christopher"]
[Black "Lewis, Christopher D"]
[Result "0-1"]
[WhiteElo "2024"]
[BlackElo "1930"]
[PlyCount "60"]
[EventDate "2020.02.08"]
[WhiteTeam "Bradford DCA Knights A"]
[BlackTeam "Shropshire 2"]

1. c4 e5 2. g3 Nc6 3. Bg2 g6 4. Nc3 Bg7 5. d3 f5 6. Rb1 Nf6 7. b4 O-O 8. Bd2
Kh8 9. b5 Nd4 10. e3 Ne6 11. Nge2 c6 12. O-O Qe8 13. Na4 Nh5 14. f4 g5 15. fxe5
Bxe5 16. Bc3 Bxc3 17. Nexc3 d6 18. bxc6 bxc6 19. Qf3 Bd7 20. d4 f4 21. exf4
gxf4 22. g4 Ng5 23. Qf2 f3 24. gxh5 Qxh5 25. Ne4 fxg2 26. Qxg2 Nxe4 27. Qxe4
Bf5 28. Qxc6 Qg4+ 29. Qg2 Qxd4+ 30. Qf2 Qxf2+ 0-1

[Event "4NCL Division 3 North"]
[Site "Bolton, ENG"]
[Date "2020.02.08"]
[Round "5.23"]
[White "Sheard, Martin"]
[Black "Ther, Mate"]
[Result "1/2-1/2"]
[WhiteElo "1892"]
[BlackElo "1983"]
[PlyCount "44"]
[EventDate "2020.02.08"]
[WhiteTeam "Shropshire 2"]
[BlackTeam "Bradford DCA Knights A"]

1. Nf3 c5 2. c4 Nc6 3. d4 cxd4 4. Nxd4 g6 5. e4 Bg7 6. Be3 Nf6 7. Nc3 d6 8. Be2
O-O 9. O-O Bd7 10. Rc1 Ne5 11. f3 Rc8 12. b3 a6 13. Qd2 Re8 14. Nd5 Nc6 15.
Nxc6 Rxc6 16. Qb4 Qb8 17. Nb6 Be6 18. Rfd1 Nd7 19. Nd5 Bxd5 20. cxd5 Rxc1 21.
Rxc1 Rc8 22. Rxc8+ Qxc8 1/2-1/2

[Event "4NCL Division 3 North"]
[Site "Bolton, ENG"]
[Date "2020.02.08"]
[Round "5.24"]
[White "Jennings, Roger W"]
[Black "Hinchcliffe, Gary"]
[Result "1/2-1/2"]
[WhiteElo "1998"]
[BlackElo "1862"]
[PlyCount "34"]
[EventDate "2020.02.08"]
[WhiteTeam "Bradford DCA Knights A"]
[BlackTeam "Shropshire 2"]

1. g3 Nf6 2. Bg2 d5 3. Nf3 Bf5 4. O-O e6 5. b3 Be7 6. Bb2 h6 7. c4 c6 8. d3 O-O
9. Nc3 Nbd7 10. Rc1 Rc8 11. Na4 Nb6 12. Nxb6 Qxb6 13. Qd2 Rfd8 14. cxd5 cxd5
15. Rxc8 Rxc8 16. Rc1 Rxc1+ 17. Qxc1 Qc5 1/2-1/2

[Event "4NCL Division 3 North"]
[Site "Bolton, ENG"]
[Date "2020.02.08"]
[Round "5.25"]
[White "Tarr, Steve F"]
[Black "Nicholson, Jim W R"]
[Result "0-1"]
[WhiteElo "1817"]
[BlackElo "1979"]
[PlyCount "104"]
[EventDate "2020.02.08"]
[WhiteTeam "Shropshire 2"]
[BlackTeam "Bradford DCA Knights A"]

1. d4 d5 2. Bf4 Nf6 3. e3 Bf5 4. c4 c6 5. Nc3 e6 6. Qb3 Qb6 7. c5 Qxb3 8. axb3
Nbd7 9. b4 Nh5 10. Bc7 Rc8 11. Bg3 Nxg3 12. hxg3 a6 13. Nf3 h6 14. Nd2 Be7 15.
Nb3 O-O 16. Na5 Rc7 17. Be2 e5 18. O-O exd4 19. exd4 Bf6 20. Rfd1 Re8 21. Bd3
Bxd3 22. Rxd3 Nf8 23. Nb3 Rce7 24. Kf1 h5 25. Nd2 g6 26. Nf3 Bg7 27. Re1 Rxe1+
28. Nxe1 Bh6 29. f4 h4 30. gxh4 Bxf4 31. g3 Bh6 32. Nf3 f6 33. h5 gxh5 34. Nh4
Bg5 35. Nf5 Ng6 36. Nd6 Re7 37. Rd1 h4 38. Re1 hxg3 39. Rxe7 Nxe7 40. Nxb7 Be3
41. Ne2 Bf2 42. Kg2 Kh7 43. Nd8 Kg6 44. Ne6 Kf5 45. Nc7 Ke4 46. Nxa6 Ke3 47.
Nxg3 Bxg3 48. Kxg3 Kxd4 49. b5 cxb5 50. b4 Nc6 51. Kf4 Kc4 52. Kf5 d4 0-1

[Event "4NCL Division 3 North"]
[Site "Bolton, ENG"]
[Date "2020.02.08"]
[Round "5.26"]
[White "Bak, Andrew"]
[Black "Ross, Stuart"]
[Result "0-1"]
[WhiteElo "1980"]
[BlackElo "1750"]
[PlyCount "140"]
[EventDate "2020.02.08"]
[WhiteTeam "Bradford DCA Knights A"]
[BlackTeam "Shropshire 2"]

1. e4 c5 2. Nf3 d6 3. d4 cxd4 4. Nxd4 Nf6 5. Nc3 a6 6. Bg5 e6 7. f4 Qb6 8. Qd2
Qxb2 9. Rb1 Qa3 10. e5 h6 11. Bh4 dxe5 12. fxe5 g5 13. Bg3 Nh5 14. Rb3 Qa5 15.
Qe3 Nd7 16. h4 Nxg3 17. Qxg3 gxh4 18. Qxh4 Qxe5+ 19. Be2 Be7 20. Qe4 Qg3+ 21.
Kf1 Nc5 22. Qf3 Qxf3+ 23. Bxf3 Nxb3 24. Nxb3 Rb8 25. a4 Bd7 26. a5 b5 27. axb6
Rxb6 28. Ke2 Bc6 29. Ne4 Bxe4 30. Bxe4 Rb4 31. Bd3 Rg4 32. Kf3 Rhg8 33. Bf1
Rg3+ 34. Kf2 Rc3 35. Bd3 Bg5 36. Ra1 Bh4+ 37. Kf1 Rg3 38. Nd2 Rc6 39. Nf3 Bf6
40. Ra2 Bc3 41. Bxa6 Ke7 42. Bd3 Rg8 43. Ra4 Rh8 44. Ra7+ Kf6 45. Kf2 h5 46.
Kg3 Rg8+ 47. Kf2 Rc5 48. Ra4 Rg4 49. Ra8 e5 50. Re8 Bd4+ 51. Kf1 Ra5 52. Nxd4
Rxd4 53. Rh8 e4 54. Be2 Rd2 55. Re8 Ra1+ 56. Kf2 Rxc2 57. Rxe4 Raa2 58. Kf3
Rxe2 59. Rxe2 Rxe2 60. Kxe2 Kf5 61. Kf3 h4 62. Ke3 Kg4 63. Kf2 f6 64. Kf1 h3
65. gxh3+ Kxh3 66. Kf2 Kg4 67. Kg2 Kf4 68. Kf2 f5 69. Kg2 Ke3 70. Kf1 f4 0-1